Logo BPK

Biblioteka

Politechniki Koszalińskiej

Udarowe właściwości uziemień ochrony odgromowej obiektów budowlanych i elektroenergetycznych / (Rekord nr 43451)

Szczegóły MARC
000 -ETYKIETA REKORDU
podpole kontrolne o stałej długości 01010nam a2200277 i 4500
001 - NUMER KONTROLNY REKORDU
pole kontrolne bg
040 ## - ŹRÓDŁO KATALOGOWANIA
Instytucja, która utworzyła rekord BPK
041 0# - KOD JĘZYKA
Kod języka tekstu pol
Kod języka streszczenia lub abstraktu eng
080 ## - UNIWERSALNA KLASYFIKACJA DZIESIĘTNA - UKD
UKD 621.316:699.8
008 - POLE O STAŁEJ DŁUGOŚCI - DANE KONTROLNE
podpole kontrolne o stałej długości s pl f |000 0 pol
100 1# - NAZWA OSOBOWA
Nazwa osobowa ŁOBODA, Marek
245 10 - TYTUŁ/ODPOWIEDZIALNOŚĆ
Tytuł Udarowe właściwości uziemień ochrony odgromowej obiektów budowlanych i elektroenergetycznych /
Pozostałe elementy strefy tytułu i oznaczenia odpowiedzialności Marek Łoboda.
260 ## - STREFA ADRESU WYDAWNICZEGO
Miejsce wydania Warszawa :
Nazwa wydawcy/dystrybutora Oficyna Wydawnicza PW,
Data publikacji, dystrybucji/powstania dokumentu 2003.
300 ## - STREFA OPISU FIZYCZNEGO
Objętość 94 s. :
Inne cechy fizyczne il. ;
Rozmiary 24 cm.
490 1# - STREFA SERII I DOKUMENTU WIELOCZĘŚCIOWEGO - FORMA NIE DO WYSZUKIWANIA
Tytuł i oznaczenie odpowiedzialności serii Prace Naukowe. Elektryka / Politechnika Warszawska ;
Numeracja w obrębie serii 0137-2319
500 ## - UWAGI OGÓLNE
Tekst uwagi Opis wg okł., w nagł. odm. tyt. serii: Prace Naukowe Politechniki Warszawskiej. - Streszcz. ang.
500 ## - UWAGI OGÓLNE
Tekst uwagi Prace Naukowe Politechniki Warszawskiej.
500 ## - UWAGI OGÓLNE
Tekst uwagi Numeracja ser. gł. : z. 125.
504 ## - UWAGA DOTYCZĄCA BIBLIOGRAFII
Informacje o bibliografii Bibliogr.
650 #9 - HASŁO PRZEDMIOTOWE W FORMIE NAZWY OGÓLNEJ LUB JEDNOSTKOWEJ
Nazwa ogólna lub geograficzna Uziemienie
650 #9 - HASŁO PRZEDMIOTOWE W FORMIE NAZWY OGÓLNEJ LUB JEDNOSTKOWEJ
Nazwa ogólna lub geograficzna Odgromniki
650 #9 - HASŁO PRZEDMIOTOWE W FORMIE NAZWY OGÓLNEJ LUB JEDNOSTKOWEJ
Nazwa ogólna lub geograficzna Przepięcie
650 #9 - HASŁO PRZEDMIOTOWE W FORMIE NAZWY OGÓLNEJ LUB JEDNOSTKOWEJ
Nazwa ogólna lub geograficzna Budownictwo
Określnik ogólny bezpieczeństwo
-- zagadnienia
830 #0 - HASŁO DODATKOWE SERII LUB DOKUMENTU WIELOCZĘŚCIOWEGO - TYTUŁ UJEDNOLICONY
Tytuł ujednolicony Prace Naukowe. Elektryka (Politechnika Warszawska) ;
856 ## - LOKALIZACJA I DOSTĘP DO ELEKTRONICZNYCH DOKUMENTÓW ZDALNYCH
Link (URL) http://koha.tu.koszalin.pl/cgi-bin/koha/opac-detail.pl?biblionumber=43451
Tekst linku Katalog online BPK
942 ## - DODATKOWE ELEMENTY (KOHA)
Typ dokumentu Książka
Egzemplarze
Wycofany Status egzemplarza Uszkodzony Dostępność Lokalizacja stała Lokalizacja bieżąca Miejsce przechowywania Sygnatura Kod kreskowy Typ dokumentu
      Dostępny Biblioteka Politechniki Koszalińskiej Biblioteka Politechniki Koszalińskiej Wypożyczalnia BG 69098 02048000 Książka
© 2023 Biblioteka Politechniki Koszalińskiej :: KOHA